LIBRARY & INFORMATION CENTRE, KCAET, TAVANUR

ONLINE PUBLIC ACCESS CATALOGUE (OPAC)

Prem panchami / (Record no. 11782)

MARC details
000 -LEADER
fixed length control field 00370cam a2200169ua 4500
041 ## - LANGUAGE CODE
Language code of text/sound track or separate title hin
082 ## - DEWEY DECIMAL CLASSIFICATION NUMBER
Classification number 891.54
Item number PRE/PR
100 ## - MAIN ENTRY--AUTHOR NAME
Personal name Premchandra, .
245 ## - TITLE STATEMENT
Title Prem panchami /
300 ## - PHYSICAL DESCRIPTION
Number of Pages 92 ; .
942 ## - ADDED ENTRY ELEMENTS (KOHA)
Koha item type Books
Holdings
Withdrawn status Lost status Damaged status Home library Current library Date acquired Full call number Accession Number Koha item type Public note
Withdrawn     KAUAET Sanskrit University 07/04/2012 891.54 6424 Books Transferred to Sanskrit University
Withdrawn     KAUAET Sanskrit University 07/04/2012 891.54 2849 Books  
free website counter